FUNDAMENTALS OF FIXED PROSTHODONTICS (Record no. 3199)
[ view plain ]
| 000 -LEADER | |
|---|---|
| fixed length control field | 00383nam a2200145Ia 4500 |
| 008 - FIXED-LENGTH DATA ELEMENTS--GENERAL INFORMATION | |
| fixed length control field | 150201s1997 xx 000 0 und d |
| 082 ## - DEWEY DECIMAL CLASSIFICATION NUMBER | |
| Classification number | 617.692 |
| Item number | F1997S |
| 100 ## - MAIN ENTRY--PERSONAL NAME | |
| Personal name | SHILLINGBURG ,HERBERT |
| 245 ## - TITLE STATEMENT | |
| Title | FUNDAMENTALS OF FIXED PROSTHODONTICS |
| 250 ## - EDITION STATEMENT | |
| Edition statement | 3RD |
| 260 ## - PUBLICATION, DISTRIBUTION, ETC. (IMPRINT) | |
| Name of publisher, distributor, etc. | QUINTESSENCE PUBLICATION |
| Place of publication, distribution, etc. | DELHI |
| Date of publication, distribution, etc. | 1997 |
| 300 ## - PHYSICAL DESCRIPTION | |
| Extent | 1-582 |
| 650 ## - SUBJECT ADDED ENTRY--TOPICAL TERM | |
| Topical term or geographic name as entry element | PROSTHODONTICS |
| 942 ## - ADDED ENTRY ELEMENTS (KOHA) | |
| Source of classification or shelving scheme | Dewey Decimal Classification |
| Koha item type | Books |
| Koha issues (borrowed), all copies | 2 |
| Withdrawn status | Lost status | Source of classification or shelving scheme | Damaged status | Not for loan | Home library | Current library | Date acquired | Source of acquisition | Cost, normal purchase price | Serial Enumeration / chronology | SGTU | Bill Number | Total Checkouts | Full call number | Barcode | Date last seen | Date last checked out | Bill Date | Koha item type |
|---|---|---|---|---|---|---|---|---|---|---|---|---|---|---|---|---|---|---|---|
| Dewey Decimal Classification | SGT Dental Library | SGT Dental Library | 10/03/2005 | U.B.S.DELHI | 46.89 | 1 | SGTU | 1305 | 3 | 617.692 F1997S | FD3256 | 25/10/2019 | 25/10/2019 | 23/04/2012 | Books | ||||
| Dewey Decimal Classification | SGT Dental Library | SGT Dental Library | 10/03/2005 | U.B.S.DELHI | 46.89 | 1 | SGTU | 1305 | 3 | 617.692 F1997S | FD3257 | 17/12/2021 | 17/12/2021 | 23/04/2012 | Books |